{"text_format":"3","workbook":"xlsx","n_sheets":1,"sheets":["t235"],"read":"whole","date_system":"1900"}

{"sheet":"t235","index":0,"n_rows":232,"n_cols":7,"rows_kept":232,"merged":[[0,0,0,6],[30,0,30,5],[50,0,50,5],[160,0,160,5]]}
["TABELA 235.1 - Estatísticas Agrícolas, Município de Indaiatuba, Estado de São Paulo, 2007/08."]
["ITEM","UNIDADE","N.DE UPAs","MÍNIMO","MÉDIO","MÁXIMO","TOTAL"]
["Distância à sede do município","km",590,{"v":1,"d":"1.0"},{"v":7.65,"d":"7.7"},{"v":29,"d":"29.0"},"-"]
["Área total","hectare",590,{"v":1,"d":"1.0"},{"v":33.36,"d":"33.4"},{"v":1328.6,"d":"1,328.6"},{"v":19682.7,"d":"19,682.7"}]
["Área com cultura perene","hectare",303,0.1,{"v":4.24,"d":"4.2"},60.5,{"v":1283.8,"d":"1,283.8"}]
["Área com cultura temporária","hectare",162,0.1,{"v":27.17,"d":"27.2"},{"v":1132.6,"d":"1,132.6"},{"v":4401,"d":"4,401.0"}]
["Área com pastagem","hectare",312,0.2,{"v":27.32,"d":"27.3"},723.7,{"v":8522.8,"d":"8,522.8"}]
["Área com reflorestamento","hectare",64,0.1,12.8,320.3,819.1]
["Área com vegetação natural","hectare",209,0.1,{"v":8.92,"d":"8.9"},491.3,{"v":1865.2,"d":"1,865.2"}]
["Área com vegetação de brejo e várzea","hectare",6,0.3,{"v":1.55,"d":"1.6"},{"v":4,"d":"4.0"},9.3]
["Área em descanso","hectare",174,0.1,{"v":6.98,"d":"7.0"},113.5,{"v":1215,"d":"1,215.0"}]
["Área complementar","hectare",540,0.1,2.9,{"v":155,"d":"155.0"},{"v":1566.5,"d":"1,566.5"}]
["Área das UPAs com (0, 1] ha","hectare",1,{"v":1,"d":"1.0"},{"v":1,"d":"1.0"},{"v":1,"d":"1.0"},{"v":1,"d":"1.0"}]
["Área das UPAs com (1, 2] ha","hectare",31,1.2,{"v":1.85,"d":"1.9"},{"v":2,"d":"2.0"},57.4]
["Área das UPAs com (2, 5] ha","hectare",201,2.1,{"v":3.38,"d":"3.4"},{"v":5,"d":"5.0"},678.5]
["Área das UPAs com (5, 10] ha","hectare",130,5.1,{"v":7.43,"d":"7.4"},{"v":10,"d":"10.0"},965.3]
["Área das UPAs com (10, 20] ha","hectare",93,10.3,{"v":14.17,"d":"14.2"},{"v":20,"d":"20.0"},{"v":1318.1,"d":"1,318.1"}]
["Área das UPAs com (20, 50] ha","hectare",73,20.5,{"v":32,"d":"32.0"},49.5,{"v":2336.2,"d":"2,336.2"}]
["Área das UPAs com (50, 100] ha","hectare",25,52.7,72.1,96.8,{"v":1802.4,"d":"1,802.4"}]
["Área das UPAs com (100, 200] ha","hectare",14,{"v":108,"d":"108.0"},{"v":142.93,"d":"142.9"},195.4,{"v":2001,"d":"2,001.0"}]
["Área das UPAs com (200, 500] ha","hectare",16,207.6,327.2,492.4,{"v":5235.2,"d":"5,235.2"}]
["Área das UPAs com (500, 1.000] ha","hectare",4,513.7,{"v":708,"d":"708.0"},919.6,{"v":2832,"d":"2,832.0"}]
["Área das UPAs com (1.000, 2.000] ha","hectare",2,{"v":1127,"d":"1,127.0"},{"v":1227.8,"d":"1,227.8"},{"v":1328.6,"d":"1,328.6"},{"v":2455.6,"d":"2,455.6"}]
["Área das UPAs com (2.000, 5.000] ha","hectare","-","-","-","-","-"]
["Área das UPAs com (5.000, 10.000] ha","hectare","-","-","-","-","-"]
["Área das UPAs acima de 10.000 ha","hectare","-","-","-","-","-"]
["Familiares do proprietário que trabalham na UPA","unidade",274,{"v":1,"d":"1.0"},{"v":1.93,"d":"1.9"},{"v":12,"d":"12.0"},{"v":530,"d":"530.0"}]
["Trabalhadores permanentes","unidade",393,{"v":1,"d":"1.0"},{"v":4.12,"d":"4.1"},{"v":65,"d":"65.0"},{"v":1620,"d":"1,620.0"}]
["Fonte: Secretaria de Agricultura e Abastecimento, CDRS/IEA, Projeto LUPA."]
[]
["TABELA 235.2 - Explorações Animais, Município de Indaiatuba, Estado de São Paulo, 2007/08."]
["ITEM","UNIDADE","N.DE UPAs","MÍNIMO","MÉDIO","MÁXIMO","TOTAL"]
["Apicultura","colmeias",1,{"v":15,"d":"15.0"},{"v":15,"d":"15.0"},{"v":15,"d":"15.0"},{"v":15,"d":"15.0"}]
["Asininos E Muares","cabeças",21,{"v":1,"d":"1.0"},{"v":9.86,"d":"9.9"},{"v":100,"d":"100.0"},{"v":207,"d":"207.0"}]
["Avestruzes e Ema (Criadouro)","cabeças",1,{"v":200,"d":"200.0"},{"v":200,"d":"200.0"},{"v":200,"d":"200.0"},{"v":200,"d":"200.0"}]
["Avicultura de Corte","cabeças/ano",23,{"v":18000,"d":"18,000.0"},{"v":235521.74,"d":"235,521.7"},{"v":720000,"d":"720,000.0"},{"v":5417000,"d":"5,417,000.0"}]
["Avicultura para Ovos","cabeças",4,{"v":50,"d":"50.0"},{"v":10887.5,"d":"10,887.5"},{"v":23000,"d":"23,000.0"},{"v":43550,"d":"43,550.0"}]
["Bovinocultura de Corte","cabeças",55,{"v":3,"d":"3.0"},{"v":113.69,"d":"113.7"},{"v":1000,"d":"1,000.0"},{"v":6253,"d":"6,253.0"}]
["Bovinocultura Leiteira","cabeças",31,{"v":1,"d":"1.0"},{"v":19.97,"d":"20.0"},{"v":120,"d":"120.0"},{"v":619,"d":"619.0"}]
["Bovinocultura Mista","cabeças",121,{"v":2,"d":"2.0"},{"v":36.07,"d":"36.1"},{"v":500,"d":"500.0"},{"v":4365,"d":"4,365.0"}]
["Bubalinocultura","cabeças",1,{"v":9,"d":"9.0"},{"v":9,"d":"9.0"},{"v":9,"d":"9.0"},{"v":9,"d":"9.0"}]
["Caprinocultura","cabeças",2,{"v":2,"d":"2.0"},2.5,{"v":3,"d":"3.0"},{"v":5,"d":"5.0"}]
["Codornicultura","cabeças",1,{"v":3000,"d":"3,000.0"},{"v":3000,"d":"3,000.0"},{"v":3000,"d":"3,000.0"},{"v":3000,"d":"3,000.0"}]
["Equinocultura","cabeças",101,{"v":1,"d":"1.0"},{"v":15.03,"d":"15.0"},{"v":150,"d":"150.0"},{"v":1518,"d":"1,518.0"}]
["Minhocultura","canteiros",1,{"v":6,"d":"6.0"},{"v":6,"d":"6.0"},{"v":6,"d":"6.0"},{"v":6,"d":"6.0"}]
["Ovinocultura","cabeças",7,{"v":4,"d":"4.0"},{"v":447.43,"d":"447.4"},{"v":3000,"d":"3,000.0"},{"v":3132,"d":"3,132.0"}]
["Piscicultura","m² tanques",4,{"v":10000,"d":"10,000.0"},{"v":20875,"d":"20,875.0"},{"v":40000,"d":"40,000.0"},{"v":83500,"d":"83,500.0"}]
["Suinocultura","cabeças",13,{"v":3,"d":"3.0"},{"v":179.92,"d":"179.9"},{"v":2000,"d":"2,000.0"},{"v":2339,"d":"2,339.0"}]
["Fonte: Secretaria de Agricultura e Abastecimento, CDRS/IEA, Projeto LUPA."]
[]
["TABELA 235.3 -  Máquinas, Implementos e Benfeitorias, Município de Indaiatuba, Estado de São Paulo, 2007/08."]
["ITEM","UNIDADE","N.DE UPAs","MÍNIMO","MÉDIO","MÁXIMO","TOTAL"]
["Arado Comum (Bacia, Aiveca)","Unidade",62,{"v":1,"d":"1.0"},{"v":1.16,"d":"1.2"},{"v":3,"d":"3.0"},{"v":72,"d":"72.0"}]
["Arado Escarificador","Unidade",101,{"v":1,"d":"1.0"},{"v":1.11,"d":"1.1"},{"v":4,"d":"4.0"},{"v":112,"d":"112.0"}]
["Arado Subsolador","Unidade",26,{"v":1,"d":"1.0"},{"v":1.08,"d":"1.1"},{"v":2,"d":"2.0"},{"v":28,"d":"28.0"}]
["Batedeira de Cereais","Unidade",9,{"v":1,"d":"1.0"},{"v":1.22,"d":"1.2"},{"v":2,"d":"2.0"},{"v":11,"d":"11.0"}]
["Câmara Fria","Unidade",3,{"v":1,"d":"1.0"},{"v":2.33,"d":"2.3"},{"v":4,"d":"4.0"},{"v":7,"d":"7.0"}]
["Carregadeira de Cana","Unidade",2,{"v":1,"d":"1.0"},{"v":1,"d":"1.0"},{"v":1,"d":"1.0"},{"v":2,"d":"2.0"}]
["Colhedeira Acoplada","Unidade",6,{"v":1,"d":"1.0"},{"v":1.17,"d":"1.2"},{"v":2,"d":"2.0"},{"v":7,"d":"7.0"}]
["Colhedeira Automotriz","Unidade",3,{"v":1,"d":"1.0"},{"v":1,"d":"1.0"},{"v":1,"d":"1.0"},{"v":3,"d":"3.0"}]
["Computador","Unidade",10,{"v":1,"d":"1.0"},1.3,{"v":3,"d":"3.0"},{"v":13,"d":"13.0"}]
["Conj.Irrigação Autopropelido","Unidade",4,{"v":1,"d":"1.0"},{"v":1.25,"d":"1.3"},{"v":2,"d":"2.0"},{"v":5,"d":"5.0"}]
["Conj.Irrigação Convencional","Unidade",71,{"v":1,"d":"1.0"},{"v":1.13,"d":"1.1"},{"v":3,"d":"3.0"},{"v":80,"d":"80.0"}]
["Conj.Irrigação Pivot Central","Unidade",7,{"v":1,"d":"1.0"},{"v":1.57,"d":"1.6"},{"v":5,"d":"5.0"},{"v":11,"d":"11.0"}]
["Conj.Irrigação/Gotejamento/Microaspersão","Unidade",13,{"v":1,"d":"1.0"},{"v":1.54,"d":"1.5"},{"v":7,"d":"7.0"},{"v":20,"d":"20.0"}]
["Conjunto de Fenação","Unidade",9,{"v":1,"d":"1.0"},{"v":1.22,"d":"1.2"},{"v":2,"d":"2.0"},{"v":11,"d":"11.0"}]
["Desintegrador, Picador, Triturador","Unidade",103,{"v":1,"d":"1.0"},{"v":1.22,"d":"1.2"},{"v":3,"d":"3.0"},{"v":126,"d":"126.0"}]
["Distribuidor de Calcário","Unidade",14,{"v":1,"d":"1.0"},{"v":1.21,"d":"1.2"},{"v":2,"d":"2.0"},{"v":17,"d":"17.0"}]
["Ensiladeira","Unidade",12,{"v":1,"d":"1.0"},{"v":1.25,"d":"1.3"},{"v":2,"d":"2.0"},{"v":15,"d":"15.0"}]
["Grade Aradora (Tipo Romi)","Unidade",42,{"v":1,"d":"1.0"},{"v":1.17,"d":"1.2"},{"v":3,"d":"3.0"},{"v":49,"d":"49.0"}]
["Grade Niveladora","Unidade",57,{"v":1,"d":"1.0"},{"v":1.05,"d":"1.1"},{"v":2,"d":"2.0"},{"v":60,"d":"60.0"}]
["Implementos para Tração Animal","Unidade",1,{"v":2,"d":"2.0"},{"v":2,"d":"2.0"},{"v":2,"d":"2.0"},{"v":2,"d":"2.0"}]
["Máquina de Classificar Frutas","Unidade",1,{"v":1,"d":"1.0"},{"v":1,"d":"1.0"},{"v":1,"d":"1.0"},{"v":1,"d":"1.0"}]
["Microtrator","Unidade",63,{"v":1,"d":"1.0"},{"v":1.14,"d":"1.1"},{"v":4,"d":"4.0"},{"v":72,"d":"72.0"}]
["Misturador de Ração","Unidade",16,{"v":1,"d":"1.0"},{"v":1.06,"d":"1.1"},{"v":2,"d":"2.0"},{"v":17,"d":"17.0"}]
["Ordenhadeira Mecânica","Unidade",6,{"v":1,"d":"1.0"},{"v":2,"d":"2.0"},{"v":6,"d":"6.0"},{"v":12,"d":"12.0"}]
["Pulverizador Tratorizado","Unidade",65,{"v":1,"d":"1.0"},{"v":1.22,"d":"1.2"},{"v":4,"d":"4.0"},{"v":79,"d":"79.0"}]
["Resfriador de Leite, Tanque Expansão","Unidade",5,{"v":1,"d":"1.0"},1.2,{"v":2,"d":"2.0"},{"v":6,"d":"6.0"}]
["Semeadeira/Adubadeira para Plantio Convencional","Unidade",10,{"v":1,"d":"1.0"},1.1,{"v":2,"d":"2.0"},{"v":11,"d":"11.0"}]
["Semeadeira/Plantadeira Plantio Direto","Unidade",16,{"v":1,"d":"1.0"},1.5,{"v":5,"d":"5.0"},{"v":24,"d":"24.0"}]
["Terraceador","Unidade",4,{"v":1,"d":"1.0"},{"v":1.25,"d":"1.3"},{"v":2,"d":"2.0"},{"v":5,"d":"5.0"}]
["Trator de Esteiras","Unidade",2,{"v":1,"d":"1.0"},{"v":1,"d":"1.0"},{"v":1,"d":"1.0"},{"v":2,"d":"2.0"}]
["Trator de Pneus","Unidade",229,{"v":1,"d":"1.0"},{"v":1.58,"d":"1.6"},{"v":12,"d":"12.0"},{"v":362,"d":"362.0"}]
["Açude/Represa","Unidade",245,{"v":1,"d":"1.0"},{"v":1.84,"d":"1.8"},{"v":16,"d":"16.0"},{"v":450,"d":"450.0"}]
["Almoxarifado/Oficina","Unidade",33,{"v":1,"d":"1.0"},{"v":1.27,"d":"1.3"},{"v":5,"d":"5.0"},{"v":42,"d":"42.0"}]
["Armazém para Grãos Ensacados","Sacas",10,{"v":1,"d":"1.0"},280.7,{"v":1000,"d":"1,000.0"},{"v":2807,"d":"2,807.0"}]
["Balança para Bovinos","Unidade",13,{"v":1,"d":"1.0"},{"v":1,"d":"1.0"},{"v":1,"d":"1.0"},{"v":13,"d":"13.0"}]
["Balança para Veículos","Unidade",4,{"v":1,"d":"1.0"},{"v":1,"d":"1.0"},{"v":1,"d":"1.0"},{"v":4,"d":"4.0"}]
["Barracão para Granja/Avicultura","Unidade",36,{"v":1,"d":"1.0"},{"v":4.17,"d":"4.2"},{"v":18,"d":"18.0"},{"v":150,"d":"150.0"}]
["Barracão/Galpão/Garagem","Unidade",401,{"v":1,"d":"1.0"},{"v":1.94,"d":"1.9"},{"v":42,"d":"42.0"},{"v":778,"d":"778.0"}]
["Casa de Moradia Habitada","Unidade",496,{"v":1,"d":"1.0"},2.8,{"v":30,"d":"30.0"},{"v":1391,"d":"1,391.0"}]
["Casa de Moradia Total","Unidade",501,{"v":1,"d":"1.0"},{"v":3.11,"d":"3.1"},{"v":32,"d":"32.0"},{"v":1558,"d":"1,558.0"}]
["Curral/Mangueira","Unidade",135,{"v":1,"d":"1.0"},{"v":1.19,"d":"1.2"},{"v":5,"d":"5.0"},{"v":161,"d":"161.0"}]
["Depósito/Tulha","Unidade",54,{"v":1,"d":"1.0"},{"v":1.09,"d":"1.1"},{"v":2,"d":"2.0"},{"v":59,"d":"59.0"}]
["Engenho","Unidade",2,{"v":1,"d":"1.0"},{"v":1,"d":"1.0"},{"v":1,"d":"1.0"},{"v":2,"d":"2.0"}]
["Estábulo","Unidade",32,{"v":1,"d":"1.0"},{"v":1.16,"d":"1.2"},{"v":3,"d":"3.0"},{"v":37,"d":"37.0"}]
["Estufa/Plasticultura","m²",15,{"v":1,"d":"1.0"},{"v":3335.73,"d":"3,335.7"},{"v":13000,"d":"13,000.0"},{"v":50036,"d":"50,036.0"}]
["Fábrica de Ração","Unidade",6,{"v":1,"d":"1.0"},{"v":1,"d":"1.0"},{"v":1,"d":"1.0"},{"v":6,"d":"6.0"}]
["Instalações para Equinos","Unidade",32,{"v":1,"d":"1.0"},{"v":2.88,"d":"2.9"},{"v":30,"d":"30.0"},{"v":92,"d":"92.0"}]
["Máquina de Benefício","Unidade",7,{"v":1,"d":"1.0"},{"v":1,"d":"1.0"},{"v":1,"d":"1.0"},{"v":7,"d":"7.0"}]
["Olaria","Unidade",4,{"v":1,"d":"1.0"},{"v":1,"d":"1.0"},{"v":1,"d":"1.0"},{"v":4,"d":"4.0"}]
["Packing House","Unidade",1,{"v":2,"d":"2.0"},{"v":2,"d":"2.0"},{"v":2,"d":"2.0"},{"v":2,"d":"2.0"}]
["Pocilga","Unidade",7,{"v":1,"d":"1.0"},{"v":1.86,"d":"1.9"},{"v":7,"d":"7.0"},{"v":13,"d":"13.0"}]
["Poço Semi-Artesiano","Unidade",46,{"v":1,"d":"1.0"},{"v":1.24,"d":"1.2"},{"v":5,"d":"5.0"},{"v":57,"d":"57.0"}]
["Posto Meteorológico","Unidade",2,{"v":1,"d":"1.0"},{"v":1,"d":"1.0"},{"v":1,"d":"1.0"},{"v":2,"d":"2.0"}]
["Secador de Grãos","Unidade",6,{"v":1,"d":"1.0"},{"v":1.17,"d":"1.2"},{"v":2,"d":"2.0"},{"v":7,"d":"7.0"}]
["Silo para Grãos","t",3,{"v":1,"d":"1.0"},{"v":2667,"d":"2,667.0"},{"v":6000,"d":"6,000.0"},{"v":8001,"d":"8,001.0"}]
["Silo para Silagem","t",9,{"v":1,"d":"1.0"},{"v":393.78,"d":"393.8"},{"v":2000,"d":"2,000.0"},{"v":3544,"d":"3,544.0"}]
["Terreiro","m²",17,{"v":1,"d":"1.0"},{"v":1383.59,"d":"1,383.6"},{"v":8000,"d":"8,000.0"},{"v":23521,"d":"23,521.0"}]
["Fonte: Secretaria de Agricultura e Abastecimento, CDRS/IEA, Projeto LUPA."]
[]
["TABELA 235.4 - Outras Estatísticas Agrícolas, Município de Indaiatuba, Estado de São Paulo, 2007/08."]
["ITEM","Número de UPAs",null,"Percentual"]
["Faz Parte de Associação de Produtores",26,null,{"v":4.406779661016949,"d":"4.4"}]
["Faz Parte de Cooperativa de Produtores",38,null,{"v":6.4406779661016955,"d":"6.4"}]
["Faz Parte do Sindicato de Produtores",175,null,{"v":29.66101694915254,"d":"29.7"}]
["Não utiliza assistência técnica ",224,null,{"v":37.96610169491525,"d":"38.0"}]
["Utiliza somente assistência técnica governamental ",140,null,{"v":23.728813559322035,"d":"23.7"}]
["Utiliza somente assistência técnica privada ",183,null,{"v":31.016949152542374,"d":"31.0"}]
["Utiliza assistência técnica tanto governamental quanto privada",43,null,{"v":7.28813559322034,"d":"7.3"}]
["Utiliza Crédito Rural",69,null,{"v":11.694915254237289,"d":"11.7"}]
["Utiliza Seguro Rural",100,null,{"v":16.949152542372882,"d":"16.9"}]
["Utiliza Escrituração Agrícola",265,null,{"v":44.91525423728813,"d":"44.9"}]
["Acessa Internet p/ Fins na Agropecuária",30,null,{"v":5.084745762711865,"d":"5.1"}]
["Utiliza Computador nas Atividades Agropecuárias",90,null,{"v":15.254237288135592,"d":"15.3"}]
["Utiliza Energia Elétrica Para Uso na Atividade Agrícola",504,null,{"v":85.42372881355932,"d":"85.4"}]
["Realiza Análise de Solo, quando necessário",37,null,{"v":6.271186440677966,"d":"6.3"}]
["Utiliza Práticas de Conservação de Solo, quando necessário",401,null,{"v":67.96610169491525,"d":"68.0"}]
["Faz Adubação Mineral, quando necessário",314,null,{"v":53.220338983050844,"d":"53.2"}]
["Faz Adubação Orgânica, quando necessário",356,null,{"v":60.33898305084745,"d":"60.3"}]
["Faz Adubação Verde, quando necessário",36,null,{"v":6.101694915254237,"d":"6.1"}]
["Utiliza Manejo Integrado de Pragas (MIP)",2,null,{"v":0.33898305084745767,"d":"0.3"}]
["Utiliza Hidroponia",6,null,{"v":1.016949152542373,"d":"1.0"}]
["Utiliza Plasticultura",13,null,{"v":2.2033898305084745,"d":"2.2"}]
["Utiliza Mudas Fiscalizadas",74,null,{"v":12.542372881355933,"d":"12.5"}]
["Utiliza Semente Melhorada",103,null,{"v":17.457627118644066,"d":"17.5"}]
["Faz Confinamento de Bovinos",4,null,{"v":0.6779661016949153,"d":"0.7"}]
["Utiliza Pastejo Intensivo",67,null,{"v":11.35593220338983,"d":"11.4"}]
["Faz Inseminação Artificial",10,null,{"v":1.694915254237288,"d":"1.7"}]
["Faz Mineralização do Rebanho",148,null,{"v":25.084745762711865,"d":"25.1"}]
["Faz Vermifugação do Rebanho",154,null,{"v":26.101694915254235,"d":"26.1"}]
["Possui Parceiros /Arrendatários na Exploração Animal",144,null,{"v":24.406779661016948,"d":"24.4"}]
["Esporte e lazer","-",null,"-"]
["Extração mineral","-",null,"-"]
["Hotel Fazenda, Pousada ou SPA","-",null,"-"]
["Pesque-pague",5,null,{"v":0.8474576271186441,"d":"0.8"}]
["Restaurante ou Lanchonete",3,null,{"v":0.5084745762711865,"d":"0.5"}]
["Transformação artesanal","-",null,"-"]
["Turismo rural ou ecoturismo","-",null,"-"]
["Outras atividades econômicas rurais",2,null,{"v":0.33898305084745767,"d":"0.3"}]
["Agroindústria",1,null,{"v":0.16949152542372883,"d":"0.2"}]
["Proprietário sem instrução ou com instrução incompleta",8,null,{"v":1.3559322033898307,"d":"1.4"}]
["Proprietário com antigo primário completo",226,null,{"v":38.30508474576271,"d":"38.3"}]
["Proprietário com 1° grau (ou antigo ginasial) completo",78,null,{"v":13.220338983050848,"d":"13.2"}]
["Proprietário com 2° grau (ou antigo colegial) completo",90,null,{"v":15.254237288135592,"d":"15.3"}]
["Proprietário com curso superior completo ",168,null,{"v":28.474576271186443,"d":"28.5"}]
["Pessoa Jurídica",20,null,{"v":3.389830508474576,"d":"3.4"}]
["Proprietário residente na própria UPA ",170,null,{"v":28.813559322033896,"d":"28.8"}]
["Fonte: Secretaria de Agricultura e Abastecimento, CDRS/IEA, Projeto LUPA."]
[]
["TABELA 235.5 - Área Cultivada, Município de Indaiatuba, Estado de São Paulo, 2007/08."]
["CULTURA","N.DE UPAs","MÍNIMO","MÉDIO","MÁXIMO","TOTAL"]
["Braquiaria",245,0.2,{"v":29.82,"d":"29.8"},436.4,{"v":7305.6,"d":"7,305.6"}]
["Cana-de-acucar",41,0.1,{"v":67.51,"d":"67.5"},{"v":1132.6,"d":"1,132.6"},{"v":2767.8,"d":"2,767.8"}]
["Milho",61,0.1,{"v":18.83,"d":"18.8"},{"v":194,"d":"194.0"},{"v":1148.7,"d":"1,148.7"}]
["Outras gramineas para pastagem",61,0.2,{"v":15.79,"d":"15.8"},293.7,963.4]
["Uva rustica",217,0.1,{"v":3.74,"d":"3.7"},{"v":32,"d":"32.0"},811.6]
["Eucalipto",61,0.1,{"v":10.23,"d":"10.2"},{"v":160,"d":"160.0"},624.2]
["Feijao",21,0.1,{"v":25.55,"d":"25.6"},{"v":194,"d":"194.0"},536.6]
["Gramas",13,0.5,{"v":15.18,"d":"15.2"},{"v":100,"d":"100.0"},197.3]
["Batata-inglesa (ou batata, ou batatinha)",9,2.3,{"v":21.64,"d":"21.6"},{"v":58,"d":"58.0"},194.8]
["Trigo",1,{"v":194,"d":"194.0"},{"v":194,"d":"194.0"},{"v":194,"d":"194.0"},{"v":194,"d":"194.0"}]
["Pinus",5,0.1,{"v":36.96,"d":"37.0"},160.3,184.8]
["Cafe",21,0.1,{"v":7.62,"d":"7.6"},60.5,{"v":160,"d":"160.0"}]
["Sorgo",1,{"v":80,"d":"80.0"},{"v":80,"d":"80.0"},{"v":80,"d":"80.0"},{"v":80,"d":"80.0"}]
["Macadamia (ou noz-macadamia)",2,3.7,{"v":31.85,"d":"31.9"},{"v":60,"d":"60.0"},63.7]
["Berinjela",3,0.5,{"v":20.83,"d":"20.8"},{"v":60,"d":"60.0"},62.5]
["Tomate envarado",8,0.5,7.5,{"v":20,"d":"20.0"},{"v":60,"d":"60.0"}]
["Feijao-vagem (ou vagem, ou feijao-verde)",6,0.5,{"v":9.33,"d":"9.3"},50.5,{"v":56,"d":"56.0"}]
["Laranja",10,0.1,{"v":5.28,"d":"5.3"},{"v":45,"d":"45.0"},52.8]
["Alface",16,0.1,{"v":2.41,"d":"2.4"},12.1,38.5]
["Capim-napier (ou capim-elefante)",17,0.1,{"v":2.09,"d":"2.1"},{"v":8,"d":"8.0"},35.5]
["Pomar domestico",53,0.1,{"v":0.62,"d":"0.6"},{"v":4,"d":"4.0"},32.8]
["Outras olericolas",21,0.1,{"v":1.55,"d":"1.6"},{"v":4,"d":"4.0"},32.6]
["Acerola (ou cereja-das-antilhas)",10,0.3,{"v":2.78,"d":"2.8"},{"v":10,"d":"10.0"},27.8]
["Caqui",11,0.1,{"v":2.21,"d":"2.2"},{"v":4,"d":"4.0"},24.3]
["Abacate",6,0.5,{"v":3.42,"d":"3.4"},{"v":14,"d":"14.0"},20.5]
["Goiaba",11,0.1,{"v":1.85,"d":"1.9"},{"v":7,"d":"7.0"},20.3]
["Maracuja",13,0.3,1.2,{"v":4,"d":"4.0"},15.6]
["Manga",6,0.3,{"v":2.38,"d":"2.4"},{"v":10,"d":"10.0"},14.3]
["Mandioca",12,0.1,{"v":1.15,"d":"1.2"},{"v":4,"d":"4.0"},13.8]
["Abobora (ou jerimum)",9,0.5,{"v":1.46,"d":"1.5"},{"v":5,"d":"5.0"},13.1]
["Fruta-do-conde (ou pinha, ou anona)",5,0.8,{"v":2.42,"d":"2.4"},3.5,12.1]
["Tangerina",6,0.1,{"v":1.83,"d":"1.8"},4.8,{"v":11,"d":"11.0"}]
["Outras florestais",2,0.1,{"v":5.05,"d":"5.1"},{"v":10,"d":"10.0"},10.1]
["Horta domestica",9,0.1,{"v":0.96,"d":"1.0"},{"v":6,"d":"6.0"},8.6]
["Outras frutiferas",3,0.3,{"v":2.43,"d":"2.4"},{"v":6,"d":"6.0"},7.3]
["Coloniao",1,{"v":7,"d":"7.0"},{"v":7,"d":"7.0"},{"v":7,"d":"7.0"},{"v":7,"d":"7.0"}]
["Capim-gordura",2,{"v":3,"d":"3.0"},3.5,{"v":4,"d":"4.0"},{"v":7,"d":"7.0"}]
["Limao",3,0.1,{"v":2.27,"d":"2.3"},5.7,6.8]
["Sorgo-vassoura",3,0.5,2.1,4.8,6.3]
["Quiabo",7,0.3,{"v":0.83,"d":"0.8"},{"v":2,"d":"2.0"},5.8]
["Pimentao",4,0.4,{"v":1.23,"d":"1.2"},{"v":2,"d":"2.0"},4.9]
["Setaria",1,4.8,4.8,4.8,4.8]
["Banana",5,0.5,{"v":0.92,"d":"0.9"},1.3,4.6]
["Lichia",4,0.1,{"v":1,"d":"1.0"},{"v":3,"d":"3.0"},{"v":4,"d":"4.0"}]
["Abacaxi (ou ananas)",1,{"v":4,"d":"4.0"},{"v":4,"d":"4.0"},{"v":4,"d":"4.0"},{"v":4,"d":"4.0"}]
["Pepino",3,0.4,1.3,{"v":2,"d":"2.0"},3.9]
["Brocolos (ou brocolis)",4,0.5,{"v":0.88,"d":"0.9"},{"v":1,"d":"1.0"},3.5]
["Uva fina",1,3.5,3.5,3.5,3.5]
["Coco-da-baia",2,0.1,{"v":1.55,"d":"1.6"},{"v":3,"d":"3.0"},3.1]
["Sorgo-forrageiro",1,2.2,2.2,2.2,2.2]
["Pimenta",3,0.5,{"v":0.73,"d":"0.7"},{"v":1,"d":"1.0"},2.2]
["Milho-doce",1,{"v":2,"d":"2.0"},{"v":2,"d":"2.0"},{"v":2,"d":"2.0"},{"v":2,"d":"2.0"}]
["Pessego",2,0.3,{"v":0.65,"d":"0.7"},{"v":1,"d":"1.0"},1.3]
["Couve (ou couve-crespa)",2,0.1,{"v":0.55,"d":"0.6"},{"v":1,"d":"1.0"},1.1]
["Arroz",2,0.5,{"v":0.55,"d":"0.6"},0.6,1.1]
["Floricultura para vaso",1,{"v":1,"d":"1.0"},{"v":1,"d":"1.0"},{"v":1,"d":"1.0"},{"v":1,"d":"1.0"}]
["Nectarina",1,{"v":1,"d":"1.0"},{"v":1,"d":"1.0"},{"v":1,"d":"1.0"},{"v":1,"d":"1.0"}]
["Ameixa",1,{"v":1,"d":"1.0"},{"v":1,"d":"1.0"},{"v":1,"d":"1.0"},{"v":1,"d":"1.0"}]
["Floricultura para corte",1,{"v":1,"d":"1.0"},{"v":1,"d":"1.0"},{"v":1,"d":"1.0"},{"v":1,"d":"1.0"}]
["Jilo",1,0.5,0.5,0.5,0.5]
["Cenoura",1,0.5,0.5,0.5,0.5]
["Cebolinha",1,0.5,0.5,0.5,0.5]
["Feijao-de-lima",1,0.5,0.5,0.5,0.5]
["Repolho",1,0.5,0.5,0.5,0.5]
["Palmito",2,0.1,{"v":0.15,"d":"0.2"},0.2,0.3]
["Chuchu",1,0.3,0.3,0.3,0.3]
["Chicoria (ou chicoria-de-folha-crespa)",1,0.2,0.2,0.2,0.2]
["Batata-doce",1,0.1,0.1,0.1,0.1]
["Amendoim",1,0.1,0.1,0.1,0.1]
["Fonte: Secretaria de Agricultura e Abastecimento, CDRS/IEA, Projeto LUPA."]